| 000 | 01238cam a22003254a 4500 | ||
|---|---|---|---|
| 001 | 14646630 | ||
| 005 | 20201128020904.0 | ||
| 008 | 061127s2007 nyua b 001 0 eng | ||
| 010 | _a2006286347 | ||
| 020 | _a0071460306 (pbk.) | ||
| 020 | _a9780071460309 (pbk.) | ||
| 040 |
_aDLC _cDLC _dDLC |
||
| 082 |
_222 _a150 _bROM |
||
| 100 | 1 |
_aRomero, Anna A. _924003 |
|
| 245 | 1 | 0 |
_aPsychology Demystified / _cAnna Romero, Steven M. Kemp. |
| 260 |
_aNew York : _bMcGraw-Hill, 2007 _cc2007. |
||
| 300 |
_axxvi, 406 p. : _bill. ; _c24 cm. |
||
| 490 | 0 |
_aDemystified series _924004 |
|
| 500 | _a"A self-teaching guide"--Cover. | ||
| 504 | _aIncludes bibliographical references and index. | ||
| 541 | _aDr. shahrazad ; | ||
| 650 |
_9890 _aPsychology |
||
| 653 |
_bNUR _cMay2011 |
||
| 700 | 1 |
_aKemp, Steven M. _924005 |
|
| 856 | 4 | 2 |
_3Contributor biographical information _uhttp://www.loc.gov/catdir/enhancements/fy0641/2006286347-b.html |
| 856 | 4 | 2 |
_3Publisher description _uhttp://www.loc.gov/catdir/enhancements/fy0641/2006286347-d.html |
| 856 | 4 | 1 |
_3Table of contents only _uhttp://www.loc.gov/catdir/enhancements/fy0641/2006286347-t.html |
| 942 |
_2ddc _cNRB |
||
| 999 |
_c15352 _d15352 |
||